00625cam a22002291 4500001001300000003000400013005001700017008004100034010001700075035002000092040001800112042001200130050001600142100004600158245001500204260001100219300001900230410007400249500001700323504003100340650002400371sa 67002353 DLC20260227112330.0890802s1966 ii b 000 0 gujo  asa 67002353  a(OCoLC)20115206 aDLCcWaUdDLC apremarc00aPK1841b.P31 aPatel, Mohanbhai Shankerbhai,d1920-2002.10aUpanayana. c[1966] a179 p.c18 cm.20aGujarat Vidyapith.tGujarāta Vidyāpīṭha granthāvalī,v145 aIn Gujarati. aBibliographical footnotes. 0aGujarati philology.